Statistics for Stan Lyrics Pt. 1

Click here to take the quiz!

General Stats

  • This quiz has been taken 33 times
  • The average score is 308 of 469

Answer Stats

HintAnswer% Correct
-
100%
i
96%
I
96%
you
96%
a
93%
Slim
89%
to
89%
but
86%
But
86%
Verse 1 | Verse 2Dear
86%
my
86%
be
82%
call
82%
im
82%
I'm
82%
i'm
82%
in
82%
an
79%
the
79%
wrote
79%
do
75%
he
75%
it
75%
so
75%
your
75%
ain't
71%
aint
71%
is
71%
no
71%
on
71%
Stan
71%
too
71%
we
71%
when
71%
about
68%
and
68%
at
68%
biggest
68%
brother
68%
fan
68%
for
68%
just
68%
name
68%
that
68%
this
68%
together
68%
what
68%
callin'
64%
daughter
64%
don't
64%
dont
64%
got
64%
have
64%
hear
64%
like
64%
me
64%
still
64%
talk
64%
up
64%
write
64%
her
61%
if
61%
If
61%
man
61%
of
61%
or
61%
see
61%
should
61%
think
61%
was
61%
answer
57%
Bonnie
57%
cold
57%
did
57%
didn't
57%
does
57%
ever
57%
father
57%
guess
57%
him
57%
home
57%
its
57%
It's
57%
know
57%
left
57%
little
57%
phat
57%
pregnant
57%
said
57%
she
57%
sorry
57%
want
57%
always
54%
back
54%
can
54%
cause
54%
cut
54%
fans
54%
friend
54%
girlfriend's
54%
girlfriends
54%
had
54%
hope
54%
how
54%
imma
54%
kill
54%
only
54%
over
54%
phone
54%
post
54%
some
54%
us
54%
with
54%
autograph
50%
beat
50%
bottom
50%
bout
50%
cheat
50%
even
50%
get
50%
he's
50%
his
50%
jealous
50%
letters
50%
mad
50%
mom
50%
more
50%
never
50%
not
50%
pager
50%
people
50%
probably
50%
p.s.
50%
read
50%
signed
50%
tattoo
50%
than
50%
that's
50%
uncle
50%
waited
50%
whats
50%
yours
50%
24/7
46%
addresses
46%
called
46%
chest
46%
day
46%
growing
46%
himself
46%
hours
46%
I'll
46%
knew
46%
much
46%
myself
46%
office
46%
old
46%
real
46%
say
46%
something
46%
sometimes
46%
songs
46%
tell
46%
wants
46%
way
46%
4
43%
across
43%
been
43%
bleeds
43%
chat
43%
depressed
43%
em
43%
everyday
43%
everything
43%
hit
43%
hows
43%
idol
43%
likes
43%
met
43%
no one
43%
problem
43%
put
43%
Ronnie
43%
saying
43%
six
43%
there
43%
used
43%
years
43%
Anyways
39%
anyways
39%
being
39%
cell
39%
gotta
39%
helps
39%
lied
39%
lose
39%
must
39%
posters
39%
pretty
39%
relate
39%
respect
39%
rush
39%
scribble
39%
sent
39%
sloppy
39%
would
39%
you'll
39%
away
36%
blistering
36%
coulda
36%
four
36%
outside
36%
pain
36%
pictures
36%
remember
36%
sudden
36%
though
36%
truly
36%
two
36%
adrenaline
32%
chance
32%
concert
32%
drift
32%
else
32%
such
32%
autumn
29%
full
29%
Mathew
29%
room
29%
Skam
29%
jot
25%
Denver
21%
sincerly
21%
Rawkus
18%
undergroud
4%

Score Distribution

Percentile by Number Answered

Percent of People with Each Score

Your Score History

You have not taken this quiz